| 000 -LEADER |
| fixed length control field |
00744nam a22002057a 4500 |
| 005 - DATE AND TIME OF LATEST TRANSACTION |
| control field |
20250710121447.0 |
| 008 - FIXED-LENGTH DATA ELEMENTS--GENERAL INFORMATION |
| fixed length control field |
250710s2017 en ||||| |||| 00| 0 eng d |
| 020 ## - INTERNATIONAL STANDARD BOOK NUMBER |
| International Standard Book Number |
9780198840664 X |
| 041 ## - LANGUAGE CODE |
| Language code of text/sound track or separate title |
eng |
| 080 ## - UNIVERSAL DECIMAL CLASSIFICATION NUMBER |
| Universal Decimal Classification number |
342.4 R-86 |
| 100 ## - MAIN ENTRY--PERSONAL NAME |
| Personal name |
ROZNAI,YANIV |
| 9 (RLIN) |
25635 |
| 245 ## - TITLE STATEMENT |
| Title |
UNCONSTITUTIONAL CONSTITUTIONAL AMENDMENTS : |
| Remainder of title |
the limits of amendment / |
| Statement of responsibility, etc. |
YANIV ROZNAI |
| 264 ## - PRODUCTION, PUBLICATION, DISTRIBUTION, MANUFACTURE, AND COPYRIGHT NOTICE |
| Place of production, publication, distribution, manufacture |
OXFORD : |
| Name of producer, publisher, distributor, manufacturer |
OXFORD UNIV Press, |
| Date of production, publication, distribution, manufacture, or copyright notice |
2019. |
| 300 ## - PHYSICAL DESCRIPTION |
| Extent |
334 p.: |
| Other physical details |
24 cm. |
| 440 ## - SERIES STATEMENT/ADDED ENTRY--TITLE |
| Title |
OXFORD CONSTITUTIONAL TEORY |
| 9 (RLIN) |
25636 |
| 653 ## - INDEX TERM--UNCONTROLLED |
| keyword |
UNCONSTITUTIONAL CONSTITUTIONAL AMENDMENTS : the limits of amendment |
| 653 ## - INDEX TERM--UNCONTROLLED |
| keyword |
კონსტიტუციური ცვლილებები |
| 653 ## - INDEX TERM--UNCONTROLLED |
| keyword |
სამართალი |
| 942 ## - ADDED ENTRY ELEMENTS (KOHA) |
| Source of classification or shelving scheme |
|
| Koha item type |
წიგნი |